Từ điển địa danh Trung bộ Q.1 Từ điển địa danh Trung bộ

Giới thiệu tương đối đầy đủ những địa danh tiêu biểu tại Trung Bộ Việt Nam, có giải thích nguồn gốc và ý nghĩa ban đầu của những địa danh này

Spremljeno u:
Bibliografski detalji
Glavni autor: Lê Trung Hoa
Format: Knjiga
Jezik:Vietnamese
Izdano: H. Khoa học xã hội 2015
Teme:
Oznake: Dodaj oznaku
Bez oznaka, Budi prvi tko označuje ovaj zapis!
Thư viện lưu trữ: Mạng thư viện Đại học Đà Nẵng
LEADER 01979aam a22004218a 4500
001 000023702
003 20155
005 20160115150143.0
008 160115s2015 viesd
020 |d 2000b 
041 0 |a vie 
082 0 4 |2 23  |a 915.974003  |b LÊ-H 
100 1 |a Lê Trung Hoa 
245 1 0 |a Từ điển địa danh Trung bộ  |c Lê Trung Hoa  |n Q.1  |p Từ điển địa danh Trung bộ 
260 |a H.  |b Khoa học xã hội  |c 2015 
300 |a 535 tr.  |b bảng  |c 21 cm. 
500 |a ĐTTS ghi: Hội Văn nghệ dân gian Việt Nam 
520 |a Giới thiệu tương đối đầy đủ những địa danh tiêu biểu tại Trung Bộ Việt Nam, có giải thích nguồn gốc và ý nghĩa ban đầu của những địa danh này 
650 0 4 |2 Bộ TK TVQG  |a Địa danh  |v Từ điển  |z Trung bộ Việt Nam 
651 7 |2 Bộ TK TVQG  |a Việt Nam 
651 7 |2 Bộ TK TVQG  |a Trung Bộ 
653 |a Từ điển địa danh 
653 |a Địa danh 
655 7 |2 Bộ TK TVQG  |a Từ điển 
773 |a Lê Trung Hoa  |d H.  |d Khoa học xã hội  |d 2015  |n ĐTTS ghi: Hội Văn nghệ dân gian Việt Nam  |t Từ điển địa danh Trung Bộ  |w 668900 
773 |d Khoa học xã hội  |d H.  |d 2015  |t Từ điển địa danh Trung bộ  |w 20154 
OWN |a LSP 
AVA |a UDN50  |b LNN  |d 895.922 LÊ-H  |e available  |t Error 5001 Not defined in file expand_doc_bib_avail.  |f 1  |g 0  |h N  |i 0 
AVA |a UDN50  |b LSP  |d 915.974003 LÊ-H  |e available  |t Error 5001 Not defined in file expand_doc_bib_avail.  |f 1  |g 0  |h N  |i 0  |k 1 
999 |a From the UDN01 
AVA |a UDN50  |b LNN  |d 895.922 LÊ-H  |e available  |t Error 5001 Not defined in file expand_doc_bib_avail.  |f 1  |g 0  |h N  |i 0 
AVA |a UDN50  |b LSP  |d 915.974003 LÊ-H  |e available  |t Error 5001 Not defined in file expand_doc_bib_avail.  |f 1  |g 0  |h N  |i 0  |k 1 
TYP |a Monograph 
TYP |a Printed language 
980 |a Mạng thư viện Đại học Đà Nẵng